Sports Quiz

Random Sports or Auto Racing Quiz
Score 0/11 Timer 01:30
0 Plays Today
Laps in lead (Races) Driver % Correct
682 (16/18)Michael Schumacher
99.7%
105 (8/18)Rubens Barrichello
96.9%
60 (8/18)Fernando Alonso
95%
52 (5/18)Jenson Button
95%
50 (4/18)Kimi Räikkönen
93.7%
88 (3/18)Jarno Trulli
90.6%
50 (3/18)Juan Pablo Montoya
88.7%
30 (2/18)Ralf Schumacher
87.4%
2 (1/18)Takuma Sato
78.3%
2 (1/18)Felipe Massa
74.3%
1 (1/18)Antonio Pizzonia
55.2%
Remove Ads.
Support Sporcle.
Get the best of Sporcle when you Go Orange. This ad-free experience offers more features, more stats, and more fun while also helping to support Sporcle. Thank you for becoming a member.

You're not logged in!

Compare scores with friends on all Sporcle quizzes.
OR
Log In

Sporcle TV

Today on Sporcle TV


Watch our educational content, quiz creation guides, and fun videos on Sporcle TV.

Show Comments

Extras

Top Quizzes Today


Score Distribution

Paid Content

Your Account Isn't Verified!

In order to create a playlist on Sporcle, you need to verify the email address you used during registration. Go to your Sporcle Settings to finish the process.

Report this User

Report this user for behavior that violates our Community Guidelines.

Details: